Úloha MMF a Svetovej banky
Bývalý člen MMF Richard D. Erb na Európskom bankovom a finančnom fóre v Prahe o vzťahu formujúcej sa bankovej sféry a transformujúceho sa štátu v kontexte medzinárodného vývoja. Úloha MMF a Svetovej banky pri cenovej stabilizácii a uplatňovaní rozpočtu v monetárnych politikách. Medzinárodné hospodár...
Gespeichert in:
| 1. Verfasser: | |
|---|---|
| Format: | Buchkapitel |
| Sprache: | Slowakisch |
| Schlagworte: | |
| Tags: |
Keine Tags, Fügen Sie das erste Tag hinzu!
|
MARC
| LEADER | 00000naa a2200000 4500 | ||
|---|---|---|---|
| 001 | r016851 | ||
| 005 | 20221213100011.2 | ||
| 041 | 0 | |a slo | |
| 044 | |a SK | ||
| 245 | 1 | 0 | |a Úloha MMF a Svetovej banky |c A. Melichárková |
| 520 | |a Bývalý člen MMF Richard D. Erb na Európskom bankovom a finančnom fóre v Prahe o vzťahu formujúcej sa bankovej sféry a transformujúceho sa štátu v kontexte medzinárodného vývoja. Úloha MMF a Svetovej banky pri cenovej stabilizácii a uplatňovaní rozpočtu v monetárnych politikách. Medzinárodné hospodárske prostredie. | ||
| 610 | 2 | 0 | |a Európske bankové a finančné fórum |
| 610 | 2 | 0 | |a Praha |
| 610 | 2 | 0 | |a marec |
| 610 | 2 | 0 | |a 1995 |
| 610 | 2 | 0 | |a Medzinárodný menový fond |
| 610 | 2 | 0 | |a Svetová banka |
| 610 | 2 | 0 | |a hospodárstvo plánované |
| 610 | 2 | 0 | |a hospodárstvo trhové |
| 610 | 2 | 0 | |a politika finančná |
| 610 | 2 | 0 | |a investície zahraničné |
| 100 | 1 | |a Melichárková, A. | |